Vyhodnotenie štýlu vedenia ľudí vo vybraných podnikoch pomocou aplikácie modelu

Salvato in:
Dettagli Bibliografici
Autore principale: Gallo, Peter, ml
Altri autori: Mihalčová, Bohuslava, 1963-
Natura: Capitolo di libro
Lingua:slovacco
Soggetti:
Tags: Aggiungi Tag
Nessun Tag, puoi essere il primo ad aggiungerne!!

MARC

LEADER 00000nla a2200000 4500
001 0215454
005 20240502073608.5
041 0 |a slo 
044 |a SK 
245 1 0 |a Vyhodnotenie štýlu vedenia ľudí vo vybraných podnikoch pomocou aplikácie modelu  |c Peter Gallo, Bohuslava Mihalčová 
500 |a Abstrakt 
610 2 0 |a podnik 
610 2 0 |a manažment 
610 2 0 |a vedenie ľudí 
610 2 0 |a štýl vedenia 
610 2 0 |a dotazníky 
610 2 0 |a Slovensko 
100 1 |a Gallo, Peter, ml. 
700 1 |a Mihalčová, Bohuslava, 1963-